000 00676cam a22002293a 4500
001 21342
003 PGUSA
005 20140828083444.0
008 070507s2007||||xxu|||||s|||||000 | eng d
040 _aPGUSA
_beng
042 _adc
050 4 _aPE
100 1 _aBaum, Paull F.
_q(Paull Franklin),
_d1886-1964
245 1 4 _aThe Principles of English Versification
_h[electronic resource] /
_cPaull F. Baum
260 _bProject Gutenberg,
_c2007
506 _aPublic domain in the USA.
516 _aElectronic text
653 _aEnglish language -- Versification
830 0 _aProject Gutenberg
_v21342
856 4 0 _uhttp://www.gutenberg.org/ebooks/21342
942 _cEB
999 _c250597
_d250597